Legislación y adolescente embarazada

Збережено в:
Бібліографічні деталі
Автор: Iriarte Rivas, Claudia (Автор)
Формат: Книга
Мова:Іспанська
Опубліковано: Santiago CORSAPS 1992
Предмети:
Теги: Додати тег
Немає тегів, Будьте першим, хто поставить тег для цього запису!

MARC

LEADER 00000nam a2200000 a 4500
001 UCM2697
003 CL-VaPUC
008 020613e19920500CL |||||||||||||||||spa|d
082 0 4 |a 346.0134  |b IRI  |2 21 
100 |a Iriarte Rivas, Claudia  |e author  |9 740896 
245 1 0 |a Legislación y adolescente embarazada 
300 |a 54 p 
942 |c BK 
945 |d 20020613 00:00:00  |a cmena 
260 |a Santiago  |b CORSAPS  |c 1992 
650 7 |a MUJERES ADOLESCENTES  |2 CL-VaPUC  |9 469437 
650 0 |a Mujeres embarazadas  |9 411610 
650 0 |a Derecho de familia  |9 255603 
650 0 |a Adolescentes  |9 308058 
583 |a last modification  |c 20180514 09:09:05  |k Rodrigo Vera 
999 |c 300421  |d 300419 
952 |0 0  |1 0  |4 0  |6 346_013400000000000_IRI_1992  |7 0  |8 P  |9 358200  |a BIBEDU  |b BIBEDU  |c BIBEDU_PB  |d 2019-11-21  |i 3814696  |o 346.0134 IRI 1992  |p 3814696  |r 2024-01-25  |w 2019-11-21  |y BK  |k BME